000 00479ntaaa2200181 4500
003 01
005 20251027201443.0
008 0714s1973 ag 01
040 _aAR-BaBN
_bspa
_cAR-BaBN
_eaacr
_dRIC
082 _a226.2100 T37
100 _aThompson, Ernest Trice
245 _aSermon on the Mount, and its meaning for today.
250 _a1 ed. :
_bJohn Knox Press,
_cc1953
300 _a150 p.
650 _aBiblia-N.T.-Mateo
650 _aMateo-Sermón del Monte
942 _cBK
999 _c9081
_d9081